000 00761nam a2200229Ii 4500
003 JO-AjNU
008 230605s9999||||xx |||||||||||||| ||und||
017 _a2004/7/1789
020 _a9957-18-.35-5
040 _aJO-AjNU
_bara
_erda
_cJO-AjNU
041 _aara
050 1 4 _aDS36.8.Q3964 2005
100 3 _a تاليف القيسي، ناهض عبد الرزاق,
_eauthor
_915808
245 0 0 _aومضات من الحضارة العربية الاسلامية
250 _aط1
264 3 1 _aعمان: دار المناهج، 2005
300 _a126ص
336 _atext
_btxt
_2rdacontent
337 _aunmediated
_bn
_2rdamedia
338 _avolume
_bnc
_2rdacarrier
650 4 _aالتاريخ الاسلامي- الحضارة الاسلامية
_915809
999 _aA4550
_c8118
_d8118